000 00484nam a2200169Ia 4500
999 _c1264
_d1264
003 OSt
005 20200925101051.0
008 190216s9999||||xx |||||||||||||| ||und||
040 _coclc
082 _a575
_bGOP/P
100 _aGopalakrishnan, T S
_94980
245 0 _aPrinciples Of Organic Evolution /
_cT S Gopalakrishnan
260 _bPearl Publications,
_c1970.
_aMadras:
300 _a190p
650 _aBotany
942 _cBK
_2ddc
_h575
_iGOP/P
_k575
_mGOP/P